000 00212 a2200097 4500
001 42326
100 _aPaxton J
245 _aThe Statesman's Year Book
260 _a
_bButler & Tanner
_c
090 _c26268
_d26268
942 _aNUST-CAE
_cM
_c18078
999 _c277399
_d277399